header

The shape of Korea's future (Record no. 1699)

MARC details
000 -LEADER
fixed length control field 01321nam a2200301 a 4500
100 1# - MAIN ENTRY--AUTHOR NAME
Personal name Levin, Norman D.
245 14 - TITLE STATEMENT
Title The shape of Korea's future
260 ## - PUBLICATION, DISTRIBUTION, ETC. (IMPRINT)
Place of publication Santa Monica, Calif. :
Name of publisher Prepared for the Korean Foundation [by] RAND,
Year of publication 1999.
300 ## - PHYSICAL DESCRIPTION
Number of Pages xix, 48 p. :
Other physical details ill.
500 ## - GENERAL NOTE
General note "Center for Asia-Pacific Policy."
650 #0 - SUBJECT ADDED ENTRY--TOPICAL TERM
Topical Term National security
Topical Term Korean reunification question (1945- )
Topical Term Public opinion
856 40 - ELECTRONIC LOCATION AND ACCESS
Uniform Resource Identifier http://site.ebrary.com/lib/rucke/Doc?id=5002322

No items available.

© 2026 Rongo University
Contact us: librarian | system librarian | Rongo university